| 000 | 01138nac a22003377a 4500 | ||
|---|---|---|---|
| 001 | BR8005300 | ||
| 003 | BR-BrBNA | ||
| 005 | 20240105114756.0 | ||
| 008 | 230509b bl.|||m| |||| 00| 0 por d | ||
| 040 |
_aBR-BrBNA _bpor _cBiblioteca Nacional de Agricultura |
||
| 072 | _aF10 | ||
| 090 | _aF10 BR8005300 | ||
| 110 | 1 |
_aDepartamento Nacional de Aguas e Energia Eletrica, Brasilia, DF (Brasil) _93266 |
|
| 245 | 1 | _aBacia do Atlantico Norte - Nordeste (dados atualizados ate 1975)[fluviometria, bacia hidrografica, Maranhao, Piaui, Ceara, Rio Grande do Norte, Paraiba, Pernambuco, Alagoas, Para, Brasil] | |
| 260 | 3 |
_aBrasilia, DF (Brasil): _c1980. |
|
| 300 | _a910 p. | ||
| 490 |
_aBoletim Fluviometrico - Departamento Nacional de Aguas e Energia Eletrica (Brazil) _v _x |
||
| 500 | _a1 Map. | ||
| 650 | _aFLUVIOMETRIA | ||
| 650 | _aBACIA HIDROGRAFICA | ||
| 650 | _aMARANHAO | ||
| 650 | _aPIAUI | ||
| 650 | _aCEARA | ||
| 650 | _aRIO GRANDE DO NORTE | ||
| 650 | _aPARAIBA | ||
| 650 | _aPERNAMBUCO | ||
| 650 | _aALAGOAS | ||
| 650 | _aPARA | ||
| 909 |
_a202312 _bLúcia Elande _c55 _dLúcia Elande |
||
| 942 |
_2AGRIS _n0 _cMS |
||
| 999 |
_c271231 _d271231 |
||